Tubettajien taitelijanimet - Statistics

Yleistilastot
  • Tätä visaa on pelattu 233 kertaa
  • Keskiarvotulos 14 / 24
Vastaustilastot
Hint Vastaus % Oikein
Juuso Karikuusi Herbalisti
87%
Eric Savolainen Lakko
86%
Pinja Sanaksenaho Pinkku Pinsku
83%
Miisa Rotola-Pukkila Mmiisas
76%
Joona Puhakka ja Roope Rannisto Koukus
69%
Eetu Pesonen Eeddspeaks
68%
Konsta Saajanto HurHur
67%
Maiju Voutilainen Mansikkka
64%
Janne Naakka Naag
64%
Veronica Verho Mariieveronica
63%
Beata Rodas Paqpa
63%
Aleksi Rantamaa Mentaalisavuke
61%
Mikael Sunberg MIkirotta
59%
Sonja Hämäläinen Soikkuu
57%
Tito Huovila Tixtuu
54%
Joona Leppälä ZoneVD
54%
Max Blomfelt Boheemi
53%
Sara Forsberg Saara
50%
Mikael Hertell Deata
48%
Mikael Vuori Roponen
42%
Ella Rosti ja Susanna Silvander-Rosti Kaksi äitiä
40%
Mikael Kosola Niilo22
40%
Tero Heikkilä Siniverkkarimies
40%
Tuomas Kukkonen Tume
23%
Ehtoja vastaavia visoja ei löytynyt
Tulosjakauma
Jokaisen tuloksen saaneiden osuus
Persentiili vastausten määrän mukaan
Tuloshistoriasi
Et ole pelannut tätä visaa